000 00600cam a2200229ua 4500
001 11164
008 190902n ii |||gr||||Z||||||eng
020 _a9780074622506
040 _cMAIN
041 _aeng
082 _a150
100 _aCliford T Morgan,
_eAuthor.
245 _aIntroducation to psychology
_cClifford T Morgan and others
250 _a7th ed.
260 _aChennai:
_bMcgraw hill education,
_c2017.
300 _a724p.
653 _aPsychology
700 _aRichard A King,
_eAuthor.
700 _aJhon R Weisz,
_eAuthor.
700 _aJhon Schopler,
_eAuthor.
942 _cBK
999 _c10027
_d10027